MARC details
| 000 -LEADER |
| fixed length control field |
02743cam a22005895i 4500 |
| 001 - CONTROL NUMBER |
| control field |
22720286 |
| 005 - DATE AND TIME OF LATEST TRANSACTION |
| control field |
20220926145008.0 |
| 008 - FIXED-LENGTH DATA ELEMENTS--GENERAL INFORMATION |
| fixed length control field |
220725s2022 nyua j 000 1 spa d |
| 010 ## - LIBRARY OF CONGRESS CONTROL NUMBER |
| LC control number |
2022288309 |
| 020 ## - INTERNATIONAL STANDARD BOOK NUMBER |
| International Standard Book Number |
9780063216358 |
| 020 ## - INTERNATIONAL STANDARD BOOK NUMBER |
| International Standard Book Number |
0063216353 |
| 035 ## - SYSTEM CONTROL NUMBER |
| System control number |
(OCoLC)on1319744708 |
| 040 ## - CATALOGING SOURCE |
| Original cataloging agency |
IKG |
| Language of cataloging |
eng |
| Transcribing agency |
IKG |
| Description conventions |
rda |
| Modifying agency |
OCO |
| -- |
GK8 |
| -- |
BDX |
| -- |
ORX |
| -- |
DLC |
| 041 1# - LANGUAGE CODE |
| Language code of text/sound track or separate title |
spa |
| Language code of original and/or intermediate translations of text |
eng |
| 042 ## - AUTHENTICATION CODE |
| Authentication code |
lccopycat |
| 043 ## - GEOGRAPHIC AREA CODE |
| Geographic area code |
n-us-ca |
| 082 04 - DEWEY DECIMAL CLASSIFICATION NUMBER |
| Classification number |
[E] |
| Edition number |
23 |
| 092 ## - LOCALLY ASSIGNED DEWEY CALL NUMBER (OCLC) |
| Classification number |
Spanish Children Picture Book |
| Item number |
Diaz, Lucky |
| 100 1# - MAIN ENTRY--PERSONAL NAME |
| Personal name |
Diaz, Lucky, |
| Relator term |
author. |
| 9 (RLIN) |
6420215 |
| 240 10 - UNIFORM TITLE |
| Uniform title |
<a href="Paletero man!">Paletero man!</a> |
| Language of a work |
Spanish |
| 245 10 - TITLE STATEMENT |
| Title |
Paletero man! = |
| Remainder of title |
¡Qué paletero tan cool! / |
| Statement of responsibility, etc |
by Latin Grammy winner/escrito por al ganador del Premio Grammy Latino Lucky Diaz ; illustrated by/ilustrado por Micah Player ; translated by/traducido por Carmen Tafolla. |
| 246 30 - VARYING FORM OF TITLE |
| Title proper/short title |
¡Qué paletero tan cool! |
| 250 ## - EDITION STATEMENT |
| Edition statement |
First bilingual edition. |
| 264 #1 - Production, Publication, Distribution, Manufacture, and Copyright Notice. |
| Place of production, publication, distribution, manufacture |
New York, NY : |
| Name of producer, publisher, distributor, manufacturer |
Harper, an imprint of HarperCollins Publishers, |
| Date of production, publication, distribution, manufacture, or copyr |
[2022] |
| 264 #4 - Production, Publication, Distribution, Manufacture, and Copyright Notice. |
| Date of production, publication, distribution, manufacture, or copyr |
©2021 |
| 300 ## - PHYSICAL DESCRIPTION |
| Extent |
1 volume (unpaged) : |
| Other physical details |
color illustrations ; |
| Dimensions |
27 cm |
| 336 ## - Content Type |
| Content type term |
text |
| 336 ## - Content Type |
| Content type term |
still image |
| 337 ## - Media type |
| Media type term |
unmediated |
| 338 ## - Carrier type |
| Carrier type term |
volume |
| 520 ## - SUMMARY, ETC. |
| Summary, etc |
"Follow along with our narrator as he passes through his busy neighborhood in search of the Paletero Man. But when he finally catches up with him, our narrator's pockets are empty. Oh no! What happened to his dinero? It will take the help of the community to get the tasty treat now"--Provided by publisher. |
| 546 ## - LANGUAGE NOTE |
| Language note |
Text in English and Spanish. |
| 650 #0 - SUBJECT ADDED ENTRY--TOPICAL TERM |
| Topical term or geographic name as entry element |
Hispanic American children |
| Form subdivision |
Juvenile fiction. |
| 9 (RLIN) |
5694595 |
| 650 #0 - SUBJECT ADDED ENTRY--TOPICAL TERM |
| Topical term or geographic name as entry element |
Ice pops |
| Form subdivision |
Juvenile fiction. |
| 9 (RLIN) |
6433847 |
| 650 #0 - SUBJECT ADDED ENTRY--TOPICAL TERM |
| Topical term or geographic name as entry element |
Ice cream, ices, etc. |
| Form subdivision |
Juvenile fiction. |
| 9 (RLIN) |
5686520 |
| 650 #0 - SUBJECT ADDED ENTRY--TOPICAL TERM |
| Topical term or geographic name as entry element |
Ice cream trucks |
| Form subdivision |
Juvenile fiction. |
| 9 (RLIN) |
6455337 |
| 650 #0 - SUBJECT ADDED ENTRY--TOPICAL TERM |
| Topical term or geographic name as entry element |
Food trucks |
| Form subdivision |
Juvenile fiction. |
| 9 (RLIN) |
5711871 |
| 650 #0 - SUBJECT ADDED ENTRY--TOPICAL TERM |
| Topical term or geographic name as entry element |
Neighborliness |
| Form subdivision |
Juvenile fiction. |
| 9 (RLIN) |
5701945 |
| 650 #0 - SUBJECT ADDED ENTRY--TOPICAL TERM |
| Topical term or geographic name as entry element |
Neighborhoods |
| Geographic subdivision |
California |
| -- |
Los Angeles |
| Form subdivision |
Juvenile fiction. |
| 9 (RLIN) |
6455338 |
| 650 #0 - SUBJECT ADDED ENTRY--TOPICAL TERM |
| Topical term or geographic name as entry element |
Communities |
| Form subdivision |
Juvenile fiction. |
| 9 (RLIN) |
5692715 |
| 650 #0 - SUBJECT ADDED ENTRY--TOPICAL TERM |
| Topical term or geographic name as entry element |
Children's songs |
| Form subdivision |
Texts. |
| 9 (RLIN) |
5708317 |
| 650 #7 - SUBJECT ADDED ENTRY--TOPICAL TERM |
| Topical term or geographic name as entry element |
Niños hispanoestadounidenses |
| Form subdivision |
Novela juvenil. |
| Source of heading or term |
qlsp |
| 9 (RLIN) |
6455339 |
| 650 #7 - SUBJECT ADDED ENTRY--TOPICAL TERM |
| Topical term or geographic name as entry element |
Helados, sorbetes, etc. |
| Form subdivision |
Novela juvenil. |
| Source of heading or term |
qlsp |
| 9 (RLIN) |
6455340 |
| 650 #7 - SUBJECT ADDED ENTRY--TOPICAL TERM |
| Topical term or geographic name as entry element |
Buena vecindad |
| Form subdivision |
Novela juvenil. |
| Source of heading or term |
qlsp |
| 9 (RLIN) |
6455341 |
| 650 #7 - SUBJECT ADDED ENTRY--TOPICAL TERM |
| Topical term or geographic name as entry element |
Comunidad |
| Form subdivision |
Novela juvenil. |
| Source of heading or term |
qlsp |
| 9 (RLIN) |
6455342 |
| 650 #7 - SUBJECT ADDED ENTRY--TOPICAL TERM |
| Topical term or geographic name as entry element |
Canciones infantiles |
| Form subdivision |
Textos |
| -- |
Novela juvenil. |
| Source of heading or term |
qlsp |
| 9 (RLIN) |
6455343 |
| 655 #7 - INDEX TERM--GENRE/FORM |
| Genre/form data or focus term |
Song texts. |
| Source of term |
lcgft |
| 9 (RLIN) |
6026441 |
| 655 #7 - INDEX TERM--GENRE/FORM |
| Genre/form data or focus term |
Picture books. |
| Source of term |
lcgft |
| 700 1# - ADDED ENTRY--PERSONAL NAME |
| Personal name |
Tafolla, Carmen, |
| Dates associated with a name |
1951-, |
| Relator term |
translator. |
| 9 (RLIN) |
5987916 |
| 906 ## - LOCAL DATA ELEMENT F, LDF (RLIN) |
| a |
0 |
| b |
ibc |
| c |
copycat |
| d |
2 |
| e |
ncip |
| f |
20 |
| g |
y-gencatlg |
| 942 ## - ADDED ENTRY ELEMENTS (KOHA) |
| Source of classification or shelving scheme |
Dewey Decimal Classification |
| Koha item type |
BOOK |